| 000 | 00581nam a22001937a 4500 | ||
|---|---|---|---|
| 005 | 20240807130442.0 | ||
| 008 | 240807b |||||||| |||| 00| 0 eng d | ||
| 020 | _a978-81-317-9474-6 | ||
| 082 |
_a621.395 _bMAN-D |
||
| 100 | _aMano, M. Morris | ||
| 245 |
_aDigital Design : _bwith an Introduction to the verilog HDL/ _cby M. Morris Mano, Michael D. Ciletti |
||
| 250 | _a5th ed. | ||
| 260 |
_aIndia : _bPearsons ; _c2013 . |
||
| 300 |
_axv, 678 p. : _c23 cm. |
||
| 500 | _aInclude Index. | ||
| 650 | _aElectrical/Engineering | ||
| 700 | _aCiletti, Michael. D | ||
| 999 |
_c36327 _d36327 |
||